| 000 | 01950nam0a2200397 4500 | ||
|---|---|---|---|
| 001 | RU\NLR\bibl\282423 | ||
| 005 | 20260407102614.0 | ||
| 010 |
_a5-94236-008-1 _95000 |
||
| 021 |
_aRU _b2002-9077 _9449 |
||
| 035 | _a(NLR Aleph) 000277877 | ||
| 090 |
_a1625731 _c1625731 |
||
| 100 | _a20020618d2002 |||y0rusy50 ca | ||
| 101 | 0 | _arus | |
| 102 | _aRU | ||
| 105 | _ay ||||||||| | ||
| 200 | 1 |
_aЭнциклопедия материалов _fУчеб.-метод. центр образоват. программы "Мой выбор" _g[Кишенкова О.В. и др.] |
|
| 210 |
_aМ. _cНовый отсчет и др. _d2002 |
||
| 215 |
_a161 с. _d26 |
||
| 300 | _aВ вып. дан. загл.: Энциклопедия материалов к курсу "Мой выбор" (8-9 класс) | ||
| 320 | _aБиблиогр.: с. 160-161 | ||
| 517 | 0 | _aЭнциклопедия материалов к курсу "Мой выбор" (8-9 класс) | |
| 606 | 0 |
_aОбщественные науки _xМетодика преподавания _xСредняя школа _91745317 _3RU\NLR\auth\66781296 |
|
| 606 | 0 |
_aОбщественные науки _xПреподавание _xСредняя школа _91746877 _3RU\NLR\auth\66782164 |
|
| 610 | 0 | _aОбществоведение - Метод. пособия | |
| 675 |
_a372.83 _v3 _zrus |
||
| 686 |
_a14 _2rugasnti |
||
| 686 |
_a74.266 _2rubbk |
||
| 686 | _aЧ426.305-2 | ||
| 702 | 1 |
_4220 _7ca _8rus _aКишенкова _bО. В. _cканд. ист. наук _gОльга Викторовна _9194519 _3RU\NLR\AUTH\770194570 |
|
| 712 | 0 | 2 |
_4570 _a"Мой выбор", всероссийская образовательная программа _bУчебно-методический центр _3RU\NLR\AUTH\8810057494 _9615934 |
| 801 | 0 |
_aRU _bRKP _c20020618 _gPSBO |
|
| 801 | 1 |
_aRU _bRKP _c20020618 |
|
| 801 | 2 |
_aRU _bNLR _c20041011 _grcr |
|
| 942 | _cBOOK | ||
| 980 | _aNB | ||